Genetics and genomics in nursing and health care /

Bibliographic Details
Main Authors: Beery, Theresa A. (Author), Workman, M. Linda (Author), Eggert, Julia (Author)
Format: Book
Language:English
Published: Philadelphia : F.D. Davis Company, [2018]
Edition:Second edition.
Subjects:

MARC

Tag First Indicator Second Indicator Subfields
LEADER 00000cam a2200000 i 4500
001 in00003914821
005 20180501153646.0
008 171103t20182018pau b 001 0 eng
010 |a  2017053113 
020 |a 9780803660830  |q (pbk.) 
020 |a 0803660839 
035 |a (OCoLC)on1010954813 
040 |a NLM  |e rda  |c NLM  |d COO  |d BWK  |d UtOrBLW 
049 |a TXAM 
050 4 |a QH447  |b .B44 2018 
060 1 0 |a QU 500 
082 0 |a 576.5  |2 23 
100 1 |a Beery, Theresa A.,  |e author.  |0 http://id.loc.gov/authorities/names/n2006182343 
245 1 0 |a Genetics and genomics in nursing and health care /  |c Theresa A. Beery, M. Linda Workman, Julia A. Eggert. 
250 |a Second edition. 
264 1 |a Philadelphia :  |b F.D. Davis Company,  |c [2018] 
264 4 |c ©2018 
300 |a xiii, 437 pages :  |b color illustrations ;  |c 24 cm. 
336 |a text  |b txt  |2 rdacontent 
337 |a unmediated  |b n  |2 rdamedia 
338 |a volume  |b nc  |2 rdacarrier 
504 |a Includes bibliographical references and index. 
505 0 |a DNA structure and function -- Protein synthesis -- Genetic influences on cell division, cell differentiation, and gametogenesis -- Patterns of inheritance -- Epigenetic influences on gene expression -- Autosomal inheritance and disorders -- Sex chromosome and mitochondrial inheritance disorders -- Family history and pedigree construction -- Congenital anomalies, basic dysmorphology, and genetic assessment -- Enzyme and collagen disorders -- Common childhood-onset genetic disorders -- Common adult-onset genetic disorders -- Cardiovascular disorders -- The genetics of cancer -- Genetic contributions to psychiatric and behavioral disorder -- Genetic and genomic testing -- Assessing genomic variation in drug response -- Health professionals and genomic care -- Financial, ethical, legal, and social considerations -- Genetic and genomic variation. 
650 1 2 |a Genetic Phenomena.  |0 https://id.nlm.nih.gov/mesh/D055614 
650 2 2 |a Genomics.  |0 https://id.nlm.nih.gov/mesh/D023281 
650 2 2 |a Genetic Diseases, Inborn.  |0 https://id.nlm.nih.gov/mesh/D030342 
650 2 2 |a Genetic Techniques.  |0 https://id.nlm.nih.gov/mesh/D005821 
655 2 |a Nurses' Instruction.  |0 https://id.nlm.nih.gov/mesh/D020488 
700 1 |a Workman, M. Linda,  |e author.  |0 http://id.loc.gov/authorities/names/n92803872 
700 1 |a Eggert, Julia,  |e author.  |0 http://id.loc.gov/authorities/names/n2010180022 
945 |b 457694 
947 |a A14850286544 
948 |a cataloged  |b h  |c 2018/3/5  |d c  |e dmitchel  |f 3:50:30 pm 
994 |a 92  |b TXA 
999 f f |s f3f0f9c6-796c-39d5-b599-d690c08ff87e  |i 990cb580-d7a3-3f7e-8dc6-f9c70a0a7dd2  |t 0 
952 f f |p normal  |a Texas A&M University  |b College Station  |c Sterling C. Evans Library  |d Evans: Library Stacks  |t 0  |e QH447 .B44 2018  |h Library of Congress classification  |i unmediated -- volume  |m A14850286544 
998 f f |a QH447 .B44 2018  |t 0  |l Evans: Library Stacks